A summer school at Oxford for students in Architecture and Landscape Architecture.

Saved in:
Bibliographic Details
Corporate Author: Cambridge School of Domestic Architecture and Landscape Architecture.
Format: Book
Language:English
Published: Cambridge, Mass. The School.
Subjects:
Tags: Add Tag
No Tags, Be the first to tag this record!
LEADER 00726nam a2200205K 4500
001 000000382-4
005 20020606090541.3
008 930327n mau 000 0 eng d
035 0 |a ocm83846789 
040 |a FLL  |c FLL 
110 2 |a Cambridge School of Domestic Architecture and Landscape Architecture. 
245 1 2 |a A summer school at Oxford for students in Architecture and Landscape Architecture. 
260 |a Cambridge, Mass.  |b The School. 
650 0 |a Landscape architecture  |x Study and teaching  |z England  |z Oxfordshire. 
651 0 |a France  |x Tours. 
651 0 |a England  |x Tours. 
690 9 |a Landscape architecture  |x Study & teaching.  |5 des 
690 9 |a Landscape architecture  |x Study tours.  |5 des 
988 |a 20020608 
906 |0 MH